000 00485pam a2200157 a 4500
020 _a041511716X (hbk)
020 _a0415117178 (pbk)
040 _cDLC
082 0 0 _a306 ROU 1997 C141 Or.
245 0 0 _aBritain in Europe :
_ban introduction to sociology /
260 _aLondon ;
_aNew York :
_bRoutledge,
_c1997.
300 _axvi, 485 p. :
_bill., maps ;
_c26 cm.
700 1 _aSpybey, Tony.
856 4 2 _uhttp://www.loc.gov/catdir/enhancements/fy0649/96045444-d.html
942 _cAEDBB
999 _c18296
_d18296